| 000 | 01168nam a22003257a 4500 | ||
|---|---|---|---|
| 003 | CHAP | ||
| 005 | 20220329134118.0 | ||
| 008 | 971013s1994 r 00010 d | ||
| 010 | _a15547 | ||
| 011 | _a16519 | ||
| 035 | _a20599 | ||
| 040 | _cCHAP | ||
| 090 | _aTesis | ||
| 100 | 0 | 0 |
_aBenedicto Valdés, Eulogio. _911552 |
| 245 | _aEvaluación económica -financiera de la producción de nochebuena (Euphorbia pulcherrima Wild, ex. Klotzch) bajo invernadero tipo omnitunel en Xocotlán, Texcoco, Estado de México | ||
| 260 |
_aChapingo, Méx. : _bEl autor, _c1994 |
||
| 300 | _a62 h. | ||
| 502 | _aTesis (Ing. Agr. Esp. en Fitotecnia) -- UACH. Departamento de Fitotecnia | ||
| 590 |
_aALEPH _b10 _c20130110 _lUCH01 _h1237 |
||
| 590 |
_aBATCH-UPD _b10 _c20130110 _lUCH01 _h1435 |
||
| 590 |
_aBATCH-UPD _b10 _c20130410 _lUCH01 _h0910 |
||
| 590 |
_aBATCH-UPD _b10 _c20130914 _lUCH01 _h1128 |
||
| 590 |
_aCONVERSION _b10 _c20130109 _lUCH01 _h1310 |
||
| 650 | 1 | 4 |
_aCultivos en invernadero. _930376 |
| 650 | 1 | 4 |
_aFlor de nochebuena. _941304 |
| 650 | 1 | 4 |
_aFlores _xMéxico (Edo.) _941392 |
| 901 | _aBK | ||
| 942 | _cTESIS | ||
| 949 |
_bBC _cTES _d-48016 _eTS1 _h30282 _i20599 _si |
||
| 999 |
_c15547 _d15547 |
||